<?xml version="1.0" encoding="UTF-8"?>
<record
    xmlns:xsi="http://www.w3.org/2001/XMLSchema-instance"
    xsi:schemaLocation="http://www.loc.gov/MARC21/slim http://www.loc.gov/standards/marcxml/schema/MARC21slim.xsd"
    xmlns="http://www.loc.gov/MARC21/slim">

  <leader>04324nam a22004698i 4500</leader>
  <controlfield tag="001">83147</controlfield>
  <controlfield tag="003">BD-RjUL</controlfield>
  <controlfield tag="005">20240225112843.0</controlfield>
  <controlfield tag="008">240225s20212020nju     o     001 0 eng  </controlfield>
  <datafield tag="020" ind1=" " ind2=" ">
    <subfield code="a">9781119626695</subfield>
    <subfield code="q">(epub)</subfield>
  </datafield>
  <datafield tag="020" ind1=" " ind2=" ">
    <subfield code="a">9781119626343</subfield>
    <subfield code="q">(adobe pdf)</subfield>
  </datafield>
  <datafield tag="020" ind1=" " ind2=" ">
    <subfield code="z">9781119626329</subfield>
    <subfield code="q">(paperback)</subfield>
  </datafield>
  <datafield tag="035" ind1=" " ind2=" ">
    <subfield code="a">(BD-RjUL)83147</subfield>
  </datafield>
  <datafield tag="040" ind1=" " ind2=" ">
    <subfield code="a">DLC</subfield>
    <subfield code="b">eng</subfield>
    <subfield code="c">DLC</subfield>
    <subfield code="e">rda</subfield>
  </datafield>
  <datafield tag="041" ind1=" " ind2=" ">
    <subfield code="a">eng</subfield>
  </datafield>
  <datafield tag="042" ind1=" " ind2=" ">
    <subfield code="a">pcc</subfield>
  </datafield>
  <datafield tag="070" ind1="0" ind2=" ">
    <subfield code="a">SB123</subfield>
    <subfield code="b">.A334 2020</subfield>
  </datafield>
  <datafield tag="082" ind1="0" ind2="0">
    <subfield code="a">631.53</subfield>
    <subfield code="2">23</subfield>
    <subfield code="b">ACP 2021</subfield>
  </datafield>
  <datafield tag="100" ind1="1" ind2=" ">
    <subfield code="a">Acquaah, George,</subfield>
    <subfield code="e">author.</subfield>
    <subfield code="9">11893</subfield>
  </datafield>
  <datafield tag="245" ind1="1" ind2="0">
    <subfield code="a">Principles of plant genetics and breeding /</subfield>
    <subfield code="c">by George Acquaah.</subfield>
  </datafield>
  <datafield tag="250" ind1=" " ind2=" ">
    <subfield code="a">Third edition.</subfield>
  </datafield>
  <datafield tag="263" ind1=" " ind2=" ">
    <subfield code="a">2006</subfield>
  </datafield>
  <datafield tag="264" ind1=" " ind2="1">
    <subfield code="a">Hoboken, New York :</subfield>
    <subfield code="b">Wiley,</subfield>
    <subfield code="c">2021.[2020]</subfield>
  </datafield>
  <datafield tag="300" ind1=" " ind2=" ">
    <subfield code="a">1 online resource</subfield>
  </datafield>
  <datafield tag="336" ind1=" " ind2=" ">
    <subfield code="a">text</subfield>
    <subfield code="b">txt</subfield>
    <subfield code="2">rdacontent</subfield>
  </datafield>
  <datafield tag="337" ind1=" " ind2=" ">
    <subfield code="a">computer</subfield>
    <subfield code="b">c</subfield>
    <subfield code="2">rdamedia</subfield>
  </datafield>
  <datafield tag="338" ind1=" " ind2=" ">
    <subfield code="a">online resource</subfield>
    <subfield code="b">cr</subfield>
    <subfield code="2">rdacarrier</subfield>
  </datafield>
  <datafield tag="500" ind1=" " ind2=" ">
    <subfield code="a">Includes index.</subfield>
  </datafield>
  <datafield tag="505" ind1="0" ind2=" ">
    <subfield code="a">HISTORY OF PLANT BREEDING -- INTRODUCTION TO CONCEPTS OF POPULATION GENETICS -- INTRODUCTION TO QUANTITATIVE GENETICS -- INTRODUCTION TO REPRODUCTION -- HYBRIDIZATION -- CLONAL PROPAGATION AND IN VITRO CULTURE -- VARIATION: TYPES, ORIGIN AND SCALE -- PLANT DOMESTICATION -- PLANT GENETIC RESOURCES -- YIELD AND MORPHOLOGICA TRAITS -- QUALITY TRAITS -- ENVIRONMENTAL STRESS FACTORS -- BREEDING FOR RESISTANCE TO DISEASES AND INSECT PESTS -- BREEDING FOR RESISTANCE TO ABIOTIC STRESSES -- BREEDING SELF-POLINATED SPECIES -- BREEDING CROSS-POLLINATED SPECIES -- BREEDING HYBRID CULTIVARS -- BREEDING CLONALLY PROPAGATED SPECIES -- MOLECULAR MARKERS -- MAPPING OF GENES -- GENE SEQUENCING AND OMICs TECHNOLOGIES -- MARKER ASSISTED SELECTION -- GENOMIC SELECTION AND GENOME WIDE ASSOCIATION STUDIES -- MUTAGENESIS IN PLANT BREEDING -- POLYPLOIDY IN PLANT BREEDING -- BREEDING GENETICALLY MODIFIED PLANTS -- GENOME EDITING TECHNOLOGIES -- PARADIGM SHIFT IN PLANT BREEDING AND OTHER NEW BREEDING TECHNOLOGIES -- BIOINFORMATICS IN PLANT BREEDING -- PERFORMANCE EVALUATION FOR CULTIVAR RELEASE -- SEED CERTIFICATION AND COMMERCIAL SEED RELEASE -- REGULATORY AND LEGAL ISSUES IN PLANT BREEDING -- VALUE-DRIVEN CONCEPTS AND SOCIAL CONCERNS -- INTERNATIONAL PLANT BREEDING EFFORTS -- BREEDING WHEAT -- BREEDING CORN -- BREEDING RICE -- BREEDING SORGHUM -- BREEDING OF SOYBEAN -- BREEDING PEANUT -- BREEDING POTATO -- BREEDING COTTON -- BREEDING TOMATO.</subfield>
  </datafield>
  <datafield tag="520" ind1=" " ind2=" ">
    <subfield code="a">"Principles of Plant Genetics and Breeding, 3rd Edition introduces both classical and molecular tools for plant breeding. Topics such as biotechnology in plant breeding, intellectual property, risks, emerging concepts (decentralized breeding, organic breeding), and more are addressed in the updated edition of this text. Industry highlight boxes are included throughout the text to contextualize the information given through the professional experiences of plant breeders. The final chapters provide a useful reference on breeding the largest and most common crops. New to this edition - A more comprehensive list of molecular markers: Allozyme, RFLPs, RAPD, SSR, ISSR, DAMD, SCoT, AFLP, SNPs, ESTs, SCAR, DArT, RAMP. A table of comparison of these markers will be included. New plant breeding techniques will be discussed, including - (NPBTs): Zinc finger nuclease, TALE nuclease (TALENs), Oligonucleotide directed mutagenesis (ODM), Cisgenesis and intragenesis, RNA-dependent DNA methylation (RdDM), Grafting on GM stock, Reverse breeding, Agro-infiltration, Genome editing (CRSPR-Cas system). Section on breeding selected crops will be removed (based on feedback from readers/reviewers). Industry highlights within the main text will highlight applications of some breeding methods in other chapters"--</subfield>
  </datafield>
  <datafield tag="588" ind1=" " ind2=" ">
    <subfield code="a">Description based on print version record and CIP data provided by publisher; resource not viewed.</subfield>
  </datafield>
  <datafield tag="650" ind1=" " ind2="0">
    <subfield code="a">Plant breeding.</subfield>
    <subfield code="9">4174</subfield>
  </datafield>
  <datafield tag="650" ind1=" " ind2="0">
    <subfield code="a">Plant genetics.</subfield>
    <subfield code="9">8207</subfield>
  </datafield>
  <datafield tag="776" ind1="0" ind2="8">
    <subfield code="i">Print version:</subfield>
    <subfield code="a">Acquaah, George.</subfield>
    <subfield code="t">Principles of plant genetics and breeding</subfield>
    <subfield code="b">Third edition.</subfield>
    <subfield code="d">Hoboken, New York : Wiley, 2020.</subfield>
    <subfield code="z">9781119626329</subfield>
    <subfield code="w">(DLC) 2020005450</subfield>
  </datafield>
  <datafield tag="906" ind1=" " ind2=" ">
    <subfield code="a">7</subfield>
    <subfield code="b">cbc</subfield>
    <subfield code="c">orignew</subfield>
    <subfield code="d">1</subfield>
    <subfield code="e">ecip</subfield>
    <subfield code="f">20</subfield>
    <subfield code="g">y-gencatlg</subfield>
  </datafield>
  <datafield tag="942" ind1=" " ind2=" ">
    <subfield code="2">ddc</subfield>
    <subfield code="c">BK</subfield>
  </datafield>
  <datafield tag="999" ind1=" " ind2=" ">
    <subfield code="c">83147</subfield>
    <subfield code="d">83147</subfield>
  </datafield>
  <datafield tag="952" ind1=" " ind2=" ">
    <subfield code="0">0</subfield>
    <subfield code="1">0</subfield>
    <subfield code="2">ddc</subfield>
    <subfield code="4">0</subfield>
    <subfield code="7">1</subfield>
    <subfield code="8">NFIC</subfield>
    <subfield code="a">RUCL</subfield>
    <subfield code="b">RUCL</subfield>
    <subfield code="c">Reading</subfield>
    <subfield code="d">2024-02-12</subfield>
    <subfield code="e">Dhaka: Book Finder</subfield>
    <subfield code="g">11489.00</subfield>
    <subfield code="o">631.53 ACP 2021</subfield>
    <subfield code="r">2024-02-25 00:00:00</subfield>
    <subfield code="t">C-1</subfield>
    <subfield code="y">BK</subfield>
  </datafield>
  <datafield tag="952" ind1=" " ind2=" ">
    <subfield code="0">0</subfield>
    <subfield code="1">0</subfield>
    <subfield code="2">ddc</subfield>
    <subfield code="4">0</subfield>
    <subfield code="7">0</subfield>
    <subfield code="8">NFIC</subfield>
    <subfield code="a">RUCL</subfield>
    <subfield code="b">RUCL</subfield>
    <subfield code="c">GEN</subfield>
    <subfield code="d">2024-02-12</subfield>
    <subfield code="e">Dhaka: Book Finder</subfield>
    <subfield code="g">11489.00</subfield>
    <subfield code="o">631.53 ACP 2021</subfield>
    <subfield code="r">2024-02-25 00:00:00</subfield>
    <subfield code="t">C-2</subfield>
    <subfield code="y">BK</subfield>
  </datafield>
  <datafield tag="952" ind1=" " ind2=" ">
    <subfield code="0">0</subfield>
    <subfield code="1">0</subfield>
    <subfield code="2">ddc</subfield>
    <subfield code="4">0</subfield>
    <subfield code="7">0</subfield>
    <subfield code="8">NFIC</subfield>
    <subfield code="a">RUCL</subfield>
    <subfield code="b">RUCL</subfield>
    <subfield code="c">GEN</subfield>
    <subfield code="d">2024-02-12</subfield>
    <subfield code="e">Dhaka: Book Finder</subfield>
    <subfield code="g">11489.00</subfield>
    <subfield code="o">631.53 ACP 2021</subfield>
    <subfield code="r">2024-02-25 00:00:00</subfield>
    <subfield code="t">C-3</subfield>
    <subfield code="y">BK</subfield>
  </datafield>
</record>
